[Event "AUTO-OPEN-2984"]
[Site "http://www.queenalice.com/game.php?id=1239767"]
[Date "2013.12.13"]
[Round "3"]
[White "pgierech"]
[Black "Patzer58"]
[Result "0-1"]
[WhiteElo "1971"]
[BlackElo "2302"]

1. e4 e6 2. d4 d5 3. Nc3 Bb4 4. a3 Bxc3+ 5. bxc3 Ne7 6. Bd3 c5 7. Qg4 c4 8. Be2
Qa5 9. Bd2 O-O 10. Bh6 Qxc3+ 0-1

[Event "AUTO-OPEN-2984"]
[Site "http://www.queenalice.com/game.php?id=1239768"]
[Date "2013.12.13"]
[Round "3"]
[White "Patzer58"]
[Black "pgierech"]
[Result "1-0"]
[WhiteElo "2304"]
[BlackElo "2012"]

1. c4 Nf6 2. Nc3 e6 3. g3 c6 4. Nf3 d5 5. b3 Be7 6. Bg2 O-O 7. O-O Nbd7 8. Bb2
Re8 9. d4 h6 10. Qd3 Nf8 11. e4 dxe4 12. Nxe4 Nxe4 13. Qxe4 Bf6 14. Bc3 Qb6 15.
Ne5 Qc7 16. f4 c5 17. Rad1 cxd4 18. Bxd4 a6 19. Bf3 Bxe5 20. Bxe5 Qb6+ 21. Bd4
Qa5 22. Qe3 Rb8 23. Bc3 Qxa2 24. Qe5 f6 25. Qxb8 Qxb3 26. Ba1 Qxc4 27. Rc1 1-0

[Event "AUTO-OPEN-2984"]
[Site "http://www.queenalice.com/game.php?id=1239769"]
[Date "2013.12.13"]
[Round "3"]
[White "uschmidi"]
[Black "Patzer58"]
[Result "0-1"]
[WhiteElo "2016"]
[BlackElo "2298"]

1. e4 e6 2. d4 d5 3. e5 c5 4. c3 Qb6 5. Nf3 Nc6 6. a3 Nh6 7. b4 cxd4 8. cxd4 Nf5
9. Be3 f6 10. exf6 gxf6 11. Nc3 Nxe3 12. fxe3 Bh6 13. Qd3 O-O 14. Be2 Ne7 15. e4
Bd7 16. O-O Ng6 17. exd5 Nf4 18. Qe4 Rac8 19. dxe6 Qxe6 20. Qxe6+ Bxe6 21. d5
Rxc3 0-1

[Event "AUTO-OPEN-2984"]
[Site "http://www.queenalice.com/game.php?id=1239770"]
[Date "2013.12.13"]
[Round "3"]
[White "Patzer58"]
[Black "uschmidi"]
[Result "1-0"]
[WhiteElo "2294"]
[BlackElo "2021"]

1. c4 e6 2. g3 d5 3. Bg2 Nf6 4. Nf3 Nc6 5. b3 Bd6 6. O-O O-O 7. Bb2 Re8 8. d4 b6
9. Nbd2 Bb7 10. a3 Ne7 11. Qc2 c5 12. dxc5 bxc5 13. cxd5 Nexd5 14. e4 Nb6 15. e5
1-0

[Event "AUTO-OPEN-3010"]
[Site "http://www.queenalice.com/game.php?id=1239967"]
[Date "2013.12.14"]
[Round "2"]
[White "Vinicius92"]
[Black "Patzer58"]
[Result "0-1"]
[WhiteElo "1890"]
[BlackElo "2315"]

1. d4 e6 2. e4 d5 3. Nf3 dxe4 4. Ne5 Nd7 5. Nc3 Ngf6 6. Bg5 Bb4 7. Bb5 c6 8. Bc4
Qa5 9. Qd2 Nxe5 10. dxe5 Qxe5 11. Rd1 Nd5 12. Bxd5 exd5 13. a3 Bd6 14. g3 Bg4
15. Ra1 Bf3 16. Rg1 d4 17. Ne2 Bc5 18. Bf4 Qf6 19. b4 Bb6 20. h4 d3 21. cxd3
Qxa1+ 22. Nc1 O-O-O 0-1

[Event "AUTO-OPEN-3010"]
[Site "http://www.queenalice.com/game.php?id=1239968"]
[Date "2013.12.14"]
[Round "2"]
[White "Patzer58"]
[Black "Vinicius92"]
[Result "1-0"]
[WhiteElo "2320"]
[BlackElo "1888"]

1. c4 c5 2. g3 e6 3. Bg2 Qc7 4. Nc3 a6 5. Nf3 b5 6. cxb5 axb5 7. Nxb5 Qb6 8. Na3
Bb7 9. Nc4 Qc7 10. d3 Bd5 11. Bf4 d6 12. O-O h6 13. Qc2 Nf6 14. e4 Bc6 15. Rfe1
Bb5 16. e5 dxe5 17. Nfxe5 Ra6 18. Nxf7 Qxf7 19. Qb3 Qd7 20. Ne5 Ba4 21. Qxb8+
Qd8 22. Qb7 Be7 23. Qxa6 O-O 24. Qxa4 1-0

[Event "AUTO-OPEN-3010"]
[Site "http://www.queenalice.com/game.php?id=1239973"]
[Date "2013.12.14"]
[Round "2"]
[White "Patzer58"]
[Black "joaopnunes"]
[Result "1-0"]
[WhiteElo "2307"]
[BlackElo "2174"]

1. c4 Nf6 2. Nc3 c5 3. g3 e6 4. Bg2 Be7 5. Nf3 O-O 6. O-O d5 7. cxd5 Nxd5 8. d4
Bf6 9. Nxd5 Qxd5 10. Be3 cxd4 11. Nxd4 Qh5 12. Qb3 Nd7 13. Rfd1 Ne5 14. h3 Bd7
15. Qxb7 Rab8 16. Qxa7 Rxb2 17. Rac1 Rfb8 18. f4 Ng6 19. g4 Qh4 20. Bf2 Qh6 21.
g5 1-0

[Event "AUTO-OPEN-3010"]
[Site "http://www.queenalice.com/game.php?id=1239974"]
[Date "2013.12.14"]
[Round "2"]
[White "joaopnunes"]
[Black "Patzer58"]
[Result "0-1"]
[WhiteElo "2140"]
[BlackElo "2321"]

1. Nf3 e6 2. c4 f5 3. d4 Nf6 4. g3 d5 5. Bg2 c6 6. O-O Bd6 7. b3 Qe7 8. Bb2 b6
9. Nbd2 Bb7 10. Ne5 O-O 11. Qc2 a5 12. e3 Nbd7 13. Ndf3 Rac8 14. Rfc1 c5 15.
Nxd7 Qxd7 16. Ne5 Qe7 17. Qe2 Ba6 18. dxc5 bxc5 19. Qd2 Qc7 20. f4 Bb7 21. Bc3
Ra8 22. cxd5 exd5 23. Rd1 Be7 24. Rac1 Ne4 25. Bxe4 fxe4 26. Qg2 Rfd8 27. Qh3
Ra6 28. Qg4 Bc8 29. Qe2 Qb6 30. Rd2 d4 31. Ba1 d3 32. Qe1 a4 33. Nc4 Qb5 34. Qd1
Be6 35. Be5 axb3 36. axb3 Rda8 37. Rb1 Qe8 38. Qc1 h5 39. Rdb2 h4 40. Nd2 Qg6
41. Nf1 R8a7 42. Qe1 Bh3 43. Nd2 Bf5 44. Rc1 Qh5 45. Rc4 hxg3 46. Qxg3 Bh4 47.
Qg2 Rg6 0-1

[Event "Fuego en tablero"]
[Site "http://www.queenalice.com/game.php?id=1243494"]
[Date "2013.12.28"]
[Round "3"]
[White "BossHaar"]
[Black "Patzer58"]
[Result "0-1"]
[WhiteElo "2058"]
[BlackElo "2316"]

1. e4 e6 2. d4 d5 3. exd5 exd5 4. Nf3 Bd6 5. Bd3 Ne7 6. Be3 Nbc6 7. Nbd2 Nb4 8.
Be2 Bf5 9. Rc1 Nxa2 10. Ra1 Nb4 11. Rc1 O-O 12. c3 Nd3+ 13. Bxd3 Bxd3 14. Qb3 b5
15. Ne5 Bxe5 16. dxe5 Ng6 17. f4 f6 18. Nf3 fxe5 19. fxe5 Rxf3 20. gxf3 Nxe5 21.
f4 Nc4 22. Qxb5 Qh4+ 23. Kd1 Qg4+ 24. Ke1 Qe2# 0-1

[Event "Fuego en tablero"]
[Site "http://www.queenalice.com/game.php?id=1287840"]
[Date "2014.6.12"]
[Round "4"]
[White "Patzer58"]
[Black "Ragnor"]
[Result "1-0"]
[WhiteElo "2324"]
[BlackElo "2255"]

1. c4 Nf6 2. g3 e5 3. Bg2 h6 4. Nc3 Bb4 5. Nf3 Bxc3 6. bxc3 d6 7. O-O O-O 8. Rb1
Nbd7 9. d3 Rb8 10. Nh4 Re8 11. Qc2 e4 12. dxe4 Nc5 13. f3 Nfd7 14. Nf5 Nb6 15.
Ne3 Be6 16. Ba3 Nxc4 17. Nxc4 Bxc4 18. Bxc5 dxc5 19. Rfd1 Qe7 20. Bh3 Red8 21.
Rxd8+ Qxd8 22. f4 Qe8 23. Bg4 b6 24. Rd1 Bb5 25. Rd2 f6 26. Qb3+ c4 27. Qb1 a6
28. Kf2 Qe7 29. e3 Bc6 30. Rd4 Re8 31. Bf5 b5 32. Qd1 Rb8 33. Bg6 Kh8 34. Qg4
Rf8 35. h3 Rd8 36. Qf5 1-0

[Event "AUTO-ELITE-1443"]
[Site "http://www.queenalice.com/game.php?id=1339329"]
[Date "2015.2.5"]
[Round "1"]
[White "franz_ferdinand"]
[Black "Patzer58"]
[Result "0-1"]
[WhiteElo "2177"]
[BlackElo "2335"]

1. e4 e6 2. d4 d5 3. e5 c5 4. c3 Qb6 5. Nf3 Nc6 6. a3 Nh6 7. b4 cxd4 8. cxd4 Nf5
9. Bb2 Bd7 10. g4 Nh6 11. h3 f6 12. Nc3 fxe5 13. dxe5 Be7 14. Bg2 O-O 15. O-O
Nf7 16. Na4 Qd8 17. Rc1 Ng5 18. Nc5 Bxc5 19. Rxc5 Nxf3+ 20. Bxf3 Ne7 21. Bg2 b6
22. Rc1 Bb5 23. Re1 Ng6 24. Bf1 Qh4 25. Bxb5 Qxf2+ 26. Kh1 Qxb2 0-1

[Event "AUTO-ELITE-1443"]
[Site "http://www.queenalice.com/game.php?id=1339330"]
[Date "2015.2.5"]
[Round "1"]
[White "Patzer58"]
[Black "franz_ferdinand"]
[Result "1-0"]
[WhiteElo "2342"]
[BlackElo "2170"]

1. c4 e5 2. Nc3 Nc6 3. Nf3 g6 4. d4 d6 5. e4 Bg7 6. d5 Nb8 7. Be2 Ne7 8. h4 h5
9. Ng5 Nd7 10. Be3 b6 11. b4 a5 12. a3 Ng8 13. Nb5 Ngf6 14. O-O O-O 15. Qc2 Re8
16. Bd2 axb4 17. axb4 Rxa1 18. Rxa1 Nf8 19. c5 bxc5 20. bxc5 N8h7 21. Ra8 Nxg5
22. hxg5 1-0

[Event "AUTO-ELITE-1443"]
[Site "http://www.queenalice.com/game.php?id=1339335"]
[Date "2015.2.5"]
[Round "1"]
[White "Patzer58"]
[Black "pumamercedino"]
[Result "1/2-1/2"]
[WhiteElo "2349"]
[BlackElo "2220"]

1. c4 c5 2. g3 Nf6 3. Bg2 g6 4. Nc3 Bg7 5. Nf3 O-O 6. d4 d6 7. O-O cxd4 8. Nxd4
Nc6 9. Nc2 Be6 10. b3 Qd7 11. Bb2 Bh3 12. Ne3 Bxg2 13. Kxg2 Rfd8 14. Qd2 Rac8
15. Ncd5 Nxd5 16. cxd5 Bxb2 17. Qxb2 Ne5 18. Rac1 Ng4 19. Nxg4 Qxg4 20. f3 Qb4
21. e4 Qb6 22. Rf2 1/2-1/2

[Event "AUTO-ELITE-1443"]
[Site "http://www.queenalice.com/game.php?id=1339336"]
[Date "2015.2.5"]
[Round "1"]
[White "pumamercedino"]
[Black "Patzer58"]
[Result "0-1"]
[WhiteElo "2265"]
[BlackElo "2345"]

1. e4 e6 2. d4 d5 3. e5 c5 4. c3 Qb6 5. Nf3 Nc6 6. a3 Bd7 7. b4 cxd4 8. cxd4 Rc8
9. Bb2 Na5 10. Nbd2 Nc4 11. Bxc4 dxc4 12. Rc1 Qa6 13. O-O Nh6 14. Ne4 Bc6 15.
Qe2 Bd5 16. Nc3 Be7 17. Nxd5 exd5 18. Qc2 O-O 19. Bc3 Qe6 20. a4 Nf5 21. h3 h5
22. b5 g5 23. Nh2 Kg7 24. Qe2 Rh8 25. Rfe1 Rh6 26. Rcd1 g4 27. hxg4 hxg4 28.
Nxg4 Rh4 29. f3 Ng3 30. Qe3 Rch8 31. Nf2 Nf5 32. Qd2 Qg6 33. Ng4 Bg5 34. Qb2 Bf4
35. Kf2 Rxg4 36. fxg4 Qxg4 0-1

[Event "AUTO-ELITE-1443"]
[Site "http://www.queenalice.com/game.php?id=1351201"]
[Date "2015.4.2"]
[Round "2"]
[White "Sexxy_Bunny"]
[Black "Patzer58"]
[Result "1/2-1/2"]
[WhiteElo "2645"]
[BlackElo "2355"]

1. e4 e6 2. d4 d5 3. Nc3 Bb4 4. e5 c5 5. a3 Bxc3+ 6. bxc3 Ne7 7. Qg4 Qc7 8. Qxg7
Rg8 9. Qxh7 cxd4 10. Ne2 Nbc6 11. f4 dxc3 12. Qd3 d4 13. Nxd4 Nxd4 14. Qxd4 Bd7
15. Rg1 Nf5 16. Qf2 Qc6 17. Bd3 Qd5 18. Rb1 Bc6 19. Rb3 O-O-O 20. Rxc3 Kb8 21.
g4 Nd4 22. Rg3 Qh1+ 23. Bf1 b6 24. Bb2 Be4 25. a4 Rh8 26. h3 Rd5 27. Ba3 Rc8 28.
Bd6+ Kb7 29. Rxc8 Kxc8 30. Rc3+ Kd7 31. Rc7+ Ke8 32. Rc8+ Kd7 33. Rc7+ 1/2-1/2

[Event "AUTO-ELITE-1443"]
[Site "http://www.queenalice.com/game.php?id=1351202"]
[Date "2015.4.2"]
[Round "2"]
[White "Patzer58"]
[Black "Sexxy_Bunny"]
[Result "1/2-1/2"]
[WhiteElo "2364"]
[BlackElo "2701"]

1. c4 e5 2. Nc3 Nf6 3. Nf3 Nc6 4. e3 Bb4 5. Nd5 e4 6. Ng1 O-O 7. a3 Bd6 8. d3
exd3 9. Bxd3 Ne5 10. Be2 c6 11. Nc3 Bc7 12. Nf3 d5 13. cxd5 cxd5 14. O-O a6 15.
Bd2 Qd6 16. Nxe5 Qxe5 17. f4 Qe6 18. Bf3 Bd7 19. Qb3 Rad8 20. Rf2 d4 21. Nd5
Nxd5 22. Bxd5 Qb6 23. exd4 Qxd4 24. Be3 Ba4 25. Bxd4 Bxb3 26. Bxb3 Rxd4 27. g3
Rfd8 28. Re2 Kf8 29. Bc2 g6 30. Be4 R8d7 31. Kg2 Bd8 32. Rc1 Re7 33. Kf3 f5 34.
Bb1 Red7 35. Rcc2 Kg7 36. Ba2 Rd3+ 37. Kg2 b5 38. Be6 R7d6 39. Bc8 a5 40. Kh3 a4
41. Re5 b4 42. axb4 Rd2 43. Re2 Rxe2 44. Rxe2 Rd4 45. b5 Rb4 46. Rc2 Kf7 47. Bb7
Ke7 48. Re2+ Kd6 49. Rd2+ Ke7 50. Re2+ Kf8 51. Bd5 Bf6 52. Re6 Bd4 53. Ra6 Rxb5
54. Bg2 Rb4 55. Bc6 Rxb2 56. Rxa4 Bg1 57. Bg2 h6 58. Ra1 Be3 59. Bd5 g5 60. Ra2
Rb5 61. Be6 gxf4 62. gxf4 Bxf4 63. Rf2 Rb4 64. Bxf5 Ke7 65. Bg4 Kf6 66. Bh5 Ke5
67. Re2+ Kf5 68. Ra2 Rd4 69. Bg4+ Kg5 70. Ra5+ Kf6 71. Ra6+ Kg7 72. Ra7+ Kf6 73.
Ra6+ Bd6 74. Ra2 Kg5 75. Ra5+ Kf4 76. Rf5+ Ke3 77. Rf3+ Ke2 78. Rf4+ Kd3 79.
Rxd4+ Kxd4 80. Kg2 Bxh2 81. Kxh2 h5 82. Bxh5 Kc3 83. Kg2 Kd2 84. Kf2 Kc1 85. Kg3
1/2-1/2

[Event "AUTO-ELITE-1590"]
[Site "http://www.queenalice.com/game.php?id=1396734"]
[Date "2015.11.30"]
[Round "1"]
[White "Patzer58"]
[Black "GI2013"]
[Result "1-0"]
[WhiteElo "2374"]
[BlackElo "2299"]

1. c4 c5 2. Nf3 Nc6 3. d4 cxd4 4. Nxd4 e6 5. Nc3 Nf6 6. a3 Be7 7. e4 O-O 8. Nf3
Qc7 9. Be2 b6 10. O-O Bb7 11. Bg5 Rad8 12. Rc1 Qb8 13. Re1 h6 14. Bh4 d6 15. h3
Rfe8 16. Bg3 a6 17. b4 Qa8 18. Qb3 Na7 19. e5 dxe5 20. Bxe5 Nc6 21. Bc7 Rc8 22.
Bxb6 Nd7 23. Be3 Nce5 24. Nxe5 Nxe5 25. Bf1 Ng6 26. Na4 Rcd8 27. Nb6 Qb8 28. c5
Qc7 29. Qa4 Nh4 30. c6 1-0

[Event "AUTO-ELITE-1590"]
[Site "http://www.queenalice.com/game.php?id=1396735"]
[Date "2015.11.30"]
[Round "1"]
[White "GI2013"]
[Black "Patzer58"]
[Result "0-1"]
[WhiteElo "2284"]
[BlackElo "2397"]

1. e4 e6 2. d4 d5 3. Nd2 Nf6 4. e5 Nfd7 5. c3 c5 6. Bd3 Nc6 7. Ne2 cxd4 8. cxd4
f6 9. exf6 Nxf6 10. Nf3 Bd6 11. O-O Qc7 12. g3 O-O 13. Bf4 Ng4 14. Qd2 e5 15.
dxe5 Ngxe5 16. Nxe5 Nxe5 17. Bxe5 Bxe5 18. Rac1 Qb6 19. Nc3 Be6 20. Na4 Qd6 21.
Rfd1 Rae8 22. Bf1 d4 23. b3 Bd5 24. Nb2 Bf4 25. Qxd4 Bxc1 26. Rxc1 Rd8 27. Nd3
Bc6 28. Qc4+ Kh8 29. Nf4 Qd2 30. Rc2 Qe1 31. Re2 Qb1 32. Qc5 Rg8 33. Qc4 Rd1 34.
Re7 h6 35. a4 Rgd8 36. Ng2 R8d4 37. Qe2 R4d2 0-1

[Event "AUTO-ELITE-1590"]
[Site "http://www.queenalice.com/game.php?id=1396736"]
[Date "2015.11.30"]
[Round "1"]
[White "Patzer58"]
[Black "Dogeval"]
[Result "1/2-1/2"]
[WhiteElo "2397"]
[BlackElo "2409"]

1. c4 e5 2. Nc3 Nf6 3. Nf3 Nc6 4. g3 d5 5. cxd5 Nxd5 6. Bg2 Nb6 7. a3 Be7 8. b4
O-O 9. O-O Be6 10. Rb1 a6 11. d3 f5 12. Bb2 Qd7 13. Nd2 Rab8 14. Nb3 f4 15. Ne4
Bd5 16. Nbc5 Qf5 17. Bc3 Bf7 18. Qd2 Nd5 19. Bb2 Nd4 20. h3 Be6 21. Nxe6 Qxe6
22. e3 Nc6 23. Qe2 fxe3 24. fxe3 Qh6 25. Rbe1 Rxf1+ 26. Kxf1 Rf8+ 27. Kg1 Qe6
28. d4 h6 29. Qc4 Kh8 30. dxe5 Rd8 31. Nf2 b5 32. Qg4 Qxg4 33. Nxg4 h5 34. Nf2
1/2-1/2

[Event "AUTO-ELITE-1590"]
[Site "http://www.queenalice.com/game.php?id=1396737"]
[Date "2015.11.30"]
[Round "1"]
[White "Dogeval"]
[Black "Patzer58"]
[Result "0-1"]
[WhiteElo "2418"]
[BlackElo "2384"]

1. e4 e6 2. d4 d5 3. Nc3 Bb4 4. e5 c5 5. a3 Bxc3+ 6. bxc3 Ne7 7. Nf3 Nbc6 8. a4
Qa5 9. Bd2 Bd7 10. Be2 f6 11. exf6 gxf6 12. c4 Qc7 13. cxd5 Nxd5 14. dxc5 e5 15.
a5 a6 16. c4 Nde7 17. Qc2 O-O-O 18. O-O Bf5 19. Qb2 Rhg8 20. Rfd1 Bg4 21. Bc3
Ng6 22. h3 Bf5 23. Nh2 Nf4 24. Ng4 h5 25. Ne3 Be4 26. Rxd8+ Nxd8 27. g3 Nxh3+
28. Kf1 h4 29. Be1 hxg3 30. fxg3 Qh7 31. Bg4+ f5 32. Bf3 Bd3+ 33. Kg2 Ng5 34.
Bd5 Rh8 35. Kg1 e4 0-1